Logo BPK

Bibliografia Prac Pracowników

Politechniki Koszalińskiej

Skomputeryzowane stanowisko do pomiaru i analizy profilu powierzchni / (Rekord nr 2971)

Szczegóły MARC
000 -ETYKIETA REKORDU
podpole kontrolne o stałej długości 01496nab a2200241 i 4500
001 - NUMER KONTROLNY REKORDU
podpole kontrolne BPP
003 - IDENTYFIKATOR NUMERU KONTROLNEGO REKORDU
podpole kontrolne BPK
005 - DATA OSTATNIEJ MODYFIKACJI REKORDU
podpole kontrolne 20160122131859.0
008 - POLE O STAŁEJ DŁUGOŚCI - DANE KONTROLNE
podpole kontrolne o stałej długości 140731s2000 pl f |000 0 pol
040 ## - ŹRÓDŁO KATALOGOWANIA
Instytucja, która utworzyła rekord BPK
080 ## - UNIWERSALNA KLASYFIKACJA DZIESIĘTNA - UKD
UKD 621.791/.795
100 ## - NAZWA OSOBOWA
Nazwa osobowa KARPIŃSKI, Tadeusz.
Lata pracy 1996 - 2001.
Instytucja Politechnika Koszalińska - Wydział Mechaniczny,
Wydział Katedra Inżynierii Produkcji
245 ## - TYTUŁ/ODPOWIEDZIALNOŚĆ
Tytuł Skomputeryzowane stanowisko do pomiaru i analizy profilu powierzchni /
Pozostałe elementy strefy tytułu i oznaczenia odpowiedzialności Tadeusz Karpiński, Czesław Łukianowicz, Tatiana Łukianowicz.
260 ## - STREFA ADRESU WYDAWNICZEGO
Data publikacji, dystrybucji/powstania dokumentu 2000.
500 ## - UWAGI OGÓLNE
Tekst uwagi Dane z autopsji.
520 ## - UWAGA DOTYCZĄCA TREŚCI DOKUMENTU
Analiza dokumentacyjna, adnotacja itp. W artykule przedstawiono skomputeryzowane stanowisko do pomiaru i analizy profilu nierówności powierzchni. Zawiera ono profilometr, komputer, system akwizycji sygnału pomiarowego oraz oprogramowanie umożliwiające analizę i pomiary profilu powierzchni. Oprogramowanie napisane w środowisku programowym Borland Delphi pozwala na pracę w systemie MS Windows. Stanowisko jest rozbudowane w celu analizy topografii powierzchni.
650 #0 - HASŁO PRZEDMIOTOWE W FORMIE NAZWY OGÓLNEJ LUB JEDNOSTKOWEJ
Nazwa ogólna lub geograficzna Struktura geometryczna powierzchni.
650 #0 - HASŁO PRZEDMIOTOWE W FORMIE NAZWY OGÓLNEJ LUB JEDNOSTKOWEJ
Nazwa ogólna lub geograficzna Powierzchnia - pomiary.
Określnik ogólny pomiary.
700 ## - HASŁO DODATKOWE - NAZWA OSOBOWA
Nazwa osobowa ŁUKIANOWICZ, Czesław.
Lata pracy 1996 - .
Instytucja Politechnika Koszalińska - Wydział Mechaniczny,
Wydział Katedra Inżynierii Produkcji
700 ## - HASŁO DODATKOWE - NAZWA OSOBOWA
Nazwa osobowa ŁUKIANOWICZ, Tatiana.
Lata pracy 1996 - .
Instytucja Politechnika Koszalińska - Wydział Mechaniczny,
Wydział Katedra Inżynierii Produkcji
773 ## - TYTUŁ DOKUMENTU MACIERZYSTEGO
Wyrażenie wprowadzające W :
Tytuł Pomiary Automatyka Kontrola. -
Informacje dotyczące relacji 2000, nr 5, s. 27-30
942 ## - HASŁO DODATKOWE - ELEMENTY(KOHA)
Typ dokumentu Artykuł
Schemat klasyfikacji Uniwersalna klasyfikacja dziesiętna
Egzemplarze
Wycofany Zagubiony Uszkodzony Dostępność Lokalizacja stała Lokalizacja bieżąca Sygnatura Typ dokumentu
      Dostępny Bibliografia Prac Pracowników - BPK Bibliografia Prac Pracowników - BPK 0275 Artykuł
© 2014 Biblioteka Politechniki Koszalińskiej :: BIBLIOGRAFIA PRAC PRACOWNIKÓW